Investigación Cualitativa (Record no. 60743)
[ view plain ]
| 000 -LEADER | |
|---|---|
| campo de control de longitud fija | 00581cac a2200205 a 4500 |
| 003 - IDENTIFICADOR DE NÚMERO DE CONTROL | |
| campo de control | CO-PeBPM |
| 005 - FECHA Y HORA DE LA ÚLTIMA TRANSACCIÓN | |
| campo de control | 20250427214645.0 |
| 008 - DATOS DE LONGITUD FIJA--INFORMACIÓN GENERAL | |
| campo de control de longitud fija | 250427e2004 |||||||| |||| 00| 0 spa d |
| 020 ## - NÚMERO INTERNACIONAL ESTÁNDAR DEL LIBRO | |
| Número Internacional Estándar del Libro | 9588236010 |
| 040 0# - FUENTE DE CATALOGACIÓN | |
| Centro catalogador/agencia de origen | CO-PeBPM |
| Lengua de catalogación | spa |
| Centro/agencia transcriptor | CO-PeBPM |
| 041 0# - CÓDIGO DE IDIOMA | |
| Código de lengua del texto/banda sonora o título independiente | spa |
| 082 04 - NÚMERO DE LA CLASIFICACIÓN DECIMAL DEWEY | |
| Número de clasificación | 300.72 D461i |
| 100 ## - ENTRADA PRINCIPAL--NOMBRE DE PERSONA | |
| Nombre de persona | Deslauriers,Jean Pierre |
| Término indicativo de función/relación | autor |
| 245 10 - MENCIÓN DEL TÍTULO | |
| Título | Investigación Cualitativa |
| Resto del título | : Guia pracica |
| Mención de responsabilidad, etc. | / Jean Pierre Deslauriers |
| 260 ## - PUBLICACIÓN, DISTRIBUCIÓN, ETC. | |
| Lugar de publicación, distribución, etc. | Pereira,Colombia |
| Nombre del editor, distribuidor, etc. | : Editorial Papiro |
| Fecha de publicación, distribución, etc. | 2004 |
| 300 ## - DESCRIPCIÓN FÍSICA | |
| Extensión | 142 páginas |
| 490 ## - MENCIÓN DE SERIE | |
| Mención de serie | Biblioteca |
| 500 ## - NOTA GENERAL | |
| Nota general | Incluye Indice |
| 942 ## - ELEMENTOS DE ENTRADA SECUNDARIOS (KOHA) | |
| Fuente del sistema de clasificación o colocación | Clasificación Decimal Dewey |
| Tipo de ítem Koha | Libros |
| Suprimir en OPAC | No |
| Estatus retirado | Estado de pérdida | Fuente del sistema de clasificación o colocación | Estado de daño | No para préstamo | Colección | Biblioteca de origen | Biblioteca actual | Ubicación en estantería | Fecha de adquisición | Fuente de adquisición | Total de préstamos | Signatura topográfica completa | Código de barras | Visto por última vez | Copia número | Precio de reemplazo | Tipo de ítem Koha |
|---|---|---|---|---|---|---|---|---|---|---|---|---|---|---|---|---|---|
| Clasificación Decimal Dewey | General | BIBLIOTECA PÚBLICA MUNICIPAL RAMON CORREA MEJIA | BIBLIOTECA PÚBLICA MUNICIPAL RAMON CORREA MEJIA | Colección general | 27/04/2025 | donación | 300.72 D461i | 45893 | 27/04/2025 | Ej.1 | 27/04/2025 | Libros |